[Event "Titled Tuesday intern op 10th Aug"]
[Site "Chess.com INT"]
[Date "2021.08.10"]
[Round "3"]
[White "Tahbaz, Arash"]
[Black "Peralta, Eduardo"]
[Result "0-1"]
[WhiteElo "2459"]
[BlackElo "2218"]
[PlyCount "52"]
[EventDate "2021.08.10"]
[EventType "swiss (blitz)"]
[EventRounds "11"]
[EventCountry "USA"]
[SourceTitle "CBM 203 Extra"]
[Source "ChessBase"]
[SourceDate "2021.09.30"]
[SourceVersion "1"]
[SourceVersionDate "2021.09.30"]
[SourceQuality "1"]

1. d4 Nf6 2. Nf3 c5 3. d5 d6 4. Nc3 g6 5. e4 Bg7 6. h3 0-0 7. Be2 b5 8. Nxb5 Nxe4 9. 0-0 Nd7 10. c3 Nb6 11. Rb1 a6 12. Na3 e5 13. c4 f5 14. Nc2 h6 15. b4 Nc3 16. Qd3 e4 17. Qe3 f4 18. Qd2 Nxb1 19. Qe1 exf3 20. Bxf3 Re8 21. Qd1 Nc3 22. Qd2 g5 23. bxc5 dxc5 24. Qd3 Qf6 25. Bh5 Bf5 26. Qd2 Nxc4 0-1

[Event "Titled Tuesday intern op 03rd Aug"]
[Site "Chess.com INT"]
[Date "2021.08.03"]
[Round "2"]
[White "Peralta, Eduardo"]
[Black "Martinez Alcantara, Jose Eduardo"]
[Result "0-1"]
[WhiteElo "2218"]
[BlackElo "2620"]
[PlyCount "64"]
[EventDate "2021.08.03"]
[EventType "swiss (blitz)"]
[EventRounds "11"]
[EventCountry "USA"]
[SourceTitle "CBM 203 Extra"]
[Source "ChessBase"]
[SourceDate "2021.09.30"]
[SourceVersion "1"]
[SourceVersionDate "2021.09.30"]
[SourceQuality "1"]

1. d4 Nf6 2. Nf3 e6 3. c3 c5 4. Bg5 b6 5. e3 Bb7 6. Nbd2 Be7 7. Be2 h6 8. Bh4 d6 9. 0-0 Nbd7 10. Bd3 0-0 11. Qe2 cxd4 12. exd4 a6 13. Bg3 Qc7 14. Ne4 Nxe4 15. Bxe4 Nf6 16. Bxb7 Qxb7 17. Rfe1 b5 18. a3 Rfe8 19. Nd2 a5 20. Ne4 Nxe4 21. Qxe4 Qxe4 22. Rxe4 d5 23. Ree1 b4 24. axb4 axb4 25. f3 Rec8 26. Rxa8 Rxa8 27. cxb4 Ra2 28. Rb1 Bxb4 29. Kf2 Bc3 30. Ke3 Bxb2 31. Be1 Ra3+ 32. Ke2 Bxd4 0-1

[Event "Titled Tuesday intern op 20th July"]
[Site "Chess.com INT"]
[Date "2021.07.20"]
[Round "6"]
[White "Peralta, Eduardo"]
[Black "Ambartsumova, Karina"]
[Result "1-0"]
[WhiteElo "2218"]
[BlackElo "2382"]
[PlyCount "63"]
[EventDate "2021.07.20"]
[EventType "swiss (blitz)"]
[EventRounds "11"]
[EventCountry "USA"]
[SourceTitle "CBM 203 Extra"]
[Source "ChessBase"]
[SourceDate "2021.09.30"]
[SourceVersion "1"]
[SourceVersionDate "2021.09.30"]
[SourceQuality "1"]

1. d4 Nf6 2. c4 e6 3. Nc3 d5 4. Nf3 Bb4 5. e3 0-0 6. Bd3 dxc4 7. Bxc4 c5 8. 0-0 cxd4 9. exd4 Nc6 10. a3 Be7 11. Qd3 b6 12. Re1 Bb7 13. Ba2 g6 14. Bh6 Re8 15. Rad1 Bf8 16. Bg5 Be7 17. h4 Na5 18. Ne5 Nd5 19. b4 Nxc3 20. Qxc3 Bxg5 21. hxg5 Qxg5 22. d5 exd5 23. bxa5 d4 24. Bxf7+ Kg7 25. Qg3 Qxg3 26. fxg3 Red8 27. Bc4 bxa5 28. Rf1 Rf8 29. Rxd4 Rxf1+ 30. Kxf1 Bc8 31. Nc6 Bf5 32. Bd3 1-0

[Event "Titled Tuesday intern op 20th July"]
[Site "Chess.com INT"]
[Date "2021.07.20"]
[Round "1"]
[White "Peralta, Eduardo"]
[Black "Lagunov, Evgenij"]
[Result "1/2-1/2"]
[WhiteElo "2218"]
[BlackElo "2201"]
[PlyCount "120"]
[EventDate "2021.07.20"]
[EventType "swiss (blitz)"]
[EventRounds "11"]
[EventCountry "USA"]
[SourceTitle "CBM 203 Extra"]
[Source "ChessBase"]
[SourceDate "2021.09.30"]
[SourceVersion "1"]
[SourceVersionDate "2021.09.30"]
[SourceQuality "1"]

1. d4 Nf6 2. c4 e6 3. Nc3 d5 4. Nf3 dxc4 5. e3 a6 6. a4 b6 7. Bxc4 Bb7 8. 0-0 Be7 9. Qe2 0-0 10. e4 Nbd7 11. Rd1 Qc8 12. Bg5 h6 13. Bh4 Re8 14. Rac1 c5 15. d5 exd5 16. exd5 Nxd5 17. Bxd5 Bxh4 18. Qd3 Bxd5 19. Qxd5 Nf6 20. Qd2 Ne4 21. Nxe4 Rxe4 22. Qd5 Qe8 23. Re1 Rxe1+ 24. Rxe1 Qd8 25. Qxd8+ Bxd8 26. Re8+ Kh7 27. Ne5 b5 28. Nxf7 Ra7 29. Nxd8 Rd7 30. h3 c4 31. Ne6 Rd1+ 32. Kh2 b4 33. Rc8 Rc1 34. a5 b3 35. Nf8+ Kg8 36. Nd7+ Kf7 37. Rxc4 Rc2 38. Rb4 Ke6 39. Nb8 Rxf2 40. Nxa6 Rf5 41. Rb6+ Kd7 42. Rxb3 Rxa5 43. Nb4 Rb5 44. Rd3+ Ke6 45. Rd4 Rg5 46. h4 Rf5 47. Nd3 Rf1 48. b4 Rb1 49. Nf4+ Ke5 50. Rc4 Rb3 51. g3 g5 52. hxg5 hxg5 53. Nh5 g4 54. Rc5+ Ke4 55. Rg5 Kf3 56. Kg1 Rb1+ 57. Kh2 Rb2+ 58. Kg1 Rb1+ 59. Kh2 Rb2+ 60. Kg1 Rb1+ 1/2-1/2

[Event "Titled Tuesday intern op 20th July"]
[Site "Chess.com INT"]
[Date "2021.07.20"]
[Round "5"]
[White "Quparadze, Giga"]
[Black "Peralta, Eduardo"]
[Result "1-0"]
[WhiteElo "2476"]
[BlackElo "2218"]
[PlyCount "136"]
[EventDate "2021.07.20"]
[EventType "swiss (blitz)"]
[EventRounds "11"]
[EventCountry "USA"]
[SourceTitle "CBM 203 Extra"]
[Source "ChessBase"]
[SourceDate "2021.09.30"]
[SourceVersion "1"]
[SourceVersionDate "2021.09.30"]
[SourceQuality "1"]

1. e4 Nf6 2. Nc3 e5 3. Nf3 Nc6 4. Bb5 Nd4 5. Bc4 c6 6. 0-0 d6 7. Nxd4 exd4 8. Ne2 Nxe4 9. Nxd4 d5 10. Bd3 Bc5 11. Nb3 Bb6 12. Bxe4 dxe4 13. Qe2 f5 14. d3 0-0 15. dxe4 fxe4 16. Be3 Bc7 17. Qc4+ Kh8 18. Qxe4 Bf5 19. Qc4 Qd6 20. g3 Rae8 21. Bc5 Qf6 22. Bxf8 Rxf8 23. Rae1 Bh3 24. Qd4 Qf7 25. Qh4 Bxf1 26. Rxf1 Bb6 27. Qe4 Qf6 28. c3 h6 29. Kg2 a6 30. Nd2 Qf7 31. Nc4 Bc7 32. b3 Re8 33. Qf3 Qe6 34. Rd1 b5 35. Ne3 Kg8 36. Qf5 Qxf5 37. Nxf5 Re2 38. Rd7 Bb6 39. Rxg7+ Kf8 40. Rb7 Rxf2+ 41. Kh3 Ba5 42. Nxh6 Bxc3 43. Rb6 Rxa2 44. Rxc6 b4 45. Nf5 Ra3 46. Nd6 Rxb3 47. Rxa6 Rb2 48. Nc4 Rf2 49. Rb6 Ke7 50. Ne3 Kd7 51. Nd5 Rf5 52. Nxb4 Ra5 53. Nd3 Kc7 54. Rb3 Bd4 55. Rb4 Be3 56. Rc4+ Kd6 57. Re4 Ba7 58. Nf4 Kd7 59. Kg2 Bb8 60. h4 Ra2+ 61. Kh3 Ra5 62. Kg4 Ra3 63. h5 Ba7 64. h6 Bf2 65. h7 Rxg3+ 66. Kf5 Rg7 67. h8Q Bd4 68. Rxd4+ Kc6 1-0

[Event "Titled Tuesday intern op 13th July"]
[Site "Chess.com INT"]
[Date "2021.07.13"]
[Round "8"]
[White "Peralta, Eduardo"]
[Black "Shahade, Gregory P"]
[Result "1-0"]
[WhiteElo "2218"]
[BlackElo "2476"]
[PlyCount "81"]
[EventDate "2021.07.13"]
[EventType "swiss (blitz)"]
[EventRounds "11"]
[EventCountry "USA"]
[SourceTitle "CBM 203 Extra"]
[Source "ChessBase"]
[SourceDate "2021.09.30"]
[SourceVersion "1"]
[SourceVersionDate "2021.09.30"]
[SourceQuality "1"]

1. d4 Nf6 2. c4 g6 3. Nc3 d5 4. Nf3 Bg7 5. cxd5 Nxd5 6. e4 Nxc3 7. bxc3 c5 8. Rb1 0-0 9. Be2 cxd4 10. cxd4 Qa5+ 11. Bd2 Qxa2 12. 0-0 Bg4 13. Bg5 h6 14. Be3 Nc6 15. d5 Na5 16. Bc5 b6 17. Bxe7 Rfe8 18. d6 Nc6 19. Bb5 Nxe7 20. Bxe8 Rxe8 21. dxe7 Qe6 22. h3 Bxf3 23. Qxf3 Qxe7 24. Rfe1 Qe6 25. Qd3 Bf8 26. Qa6 Re7 27. Rbd1 Bg7 28. Rd8+ Kh7 29. f4 Bc3 30. Re2 Qf6 31. Qd3 Rc7 32. g3 Bb4 33. e5 Rc1+ 34. Kh2 Qc6 35. Qe4 Qc5 36. Rg2 Re1 37. Qa8 g5 38. Rh8+ Kg6 39. Qd8 Qc6 40. g4 gxf4 41. Qg8# 1-0

[Event "Titled Tuesday intern op 13th July"]
[Site "Chess.com INT"]
[Date "2021.07.13"]
[Round "2"]
[White "Peralta, Eduardo"]
[Black "Yoo, Christopher Woojin"]
[Result "0-1"]
[WhiteElo "2218"]
[BlackElo "2479"]
[PlyCount "68"]
[EventDate "2021.07.13"]
[EventType "swiss (blitz)"]
[EventRounds "11"]
[EventCountry "USA"]
[SourceTitle "CBM 203 Extra"]
[Source "ChessBase"]
[SourceDate "2021.09.30"]
[SourceVersion "1"]
[SourceVersionDate "2021.09.30"]
[SourceQuality "1"]

1. d4 Nf6 2. c4 e6 3. Nc3 Bb4 4. e3 0-0 5. Bd3 c5 6. Nf3 d5 7. 0-0 Nc6 8. a3 Ba5 9. Na4 cxd4 10. exd4 dxc4 11. Bxc4 h6 12. b4 Bc7 13. Bb2 b6 14. Re1 Bb7 15. Nc3 Ne7 16. Ba2 Rc8 17. Qd3 Ned5 18. Ne2 Qd7 19. Ne5 Qd6 20. Rad1 Rfd8 21. Bb1 Ne7 22. Nf4 Nf5 23. Qh3 Nd5 24. Nxd5 Bxd5 25. g4 Ne7 26. g5 Nf5 27. Bxf5 exf5 28. Qxf5 hxg5 29. Rd3 Qf6 30. Qg4 Be6 31. Qg3 Qh6 32. Qe3 f6 33. d5 Bf5 34. Rd4 Bxe5 0-1

[Event "Titled Tuesday intern op 29th June"]
[Site "Chess.com INT"]
[Date "2021.06.29"]
[Round "3"]
[White "Koridze, Lile"]
[Black "Peralta, Eduardo"]
[Result "1-0"]
[WhiteElo "2016"]
[BlackElo "2218"]
[PlyCount "81"]
[EventDate "2021.06.29"]
[EventType "swiss (blitz)"]
[EventRounds "11"]
[EventCountry "USA"]
[SourceTitle "CBM 203 Extra"]
[Source "ChessBase"]
[SourceDate "2021.09.30"]
[SourceVersion "1"]
[SourceVersionDate "2021.09.30"]
[SourceQuality "1"]

1. d4 f5 2. c4 Nf6 3. g3 e6 4. Bg2 c6 5. Nh3 Be7 6. 0-0 0-0 7. Nf4 g5 8. Nd3 h6 9. Ne5 Qe8 10. c5 b6 11. b4 a5 12. b5 bxc5 13. bxc6 Nxc6 14. Nxc6 dxc6 15. dxc5 Ba6 16. Qc2 Nd5 17. Ba3 Bf6 18. Bb2 Nb4 19. Qb3 Bc4 20. Qxc4 Bxb2 21. Nc3 Bxa1 22. Rxa1 Rd8 23. e4 f4 24. Bh3 Kg7 25. Bxe6 fxg3 26. hxg3 Nc2 27. Rb1 Rd4 28. Rb7+ Kh8 29. Qe2 Qxe6 30. Qxc2 Qf6 31. e5 Qf5 32. Qe2 Rc4 33. Qxc4 Qxf2+ 34. Kh1 Qe1+ 35. Kg2 Rf2+ 36. Kh3 Qh1+ 37. Kg4 h5+ 38. Kxg5 Qg2 39. Rb8+ Kh7 40. Qe4+ Kg7 41. Qg6# 1-0